Mezőgazdasági területek felporzás okozta potenciális környezet-egészségügyi hatásai

Elmentve itt :
Bibliográfiai részletek
Szerzők: Farsang Andrea
Szatmári József
Barta Károly
Bartus Máté
Nádasi János
Dokumentumtípus: Cikk
Megjelent: SZTE TTIK Földrajzi és Földtani Tanszékcsoport Szeged 2015
Sorozat:Tovább egy zöldebb úton: A Szegedi Tudományegyetem Földrajzi és Földtani Tanszékcsoport részvétele a ZENFE programban (2013-2015)
Kulcsszavak:Erózió - szél - Magyarország, Éghajlati változás, Talajtan
Tárgyszavak:
Online Access:http://acta.bibl.u-szeged.hu/64664
LEADER 01129nab a2200253 i 4500
001 acta64664
005 20260105080800.0
008 200224s2015 hu o 000 hun d
020 |a 978-963-306-361-3 
040 |a SZTE Egyetemi Kiadványok Repozitórium  |b hun 
041 |a hun 
100 1 |a Farsang Andrea 
245 1 0 |a Mezőgazdasági területek felporzás okozta potenciális környezet-egészségügyi hatásai  |h [elektronikus dokumentum] /  |c  Farsang Andrea 
260 |a SZTE TTIK Földrajzi és Földtani Tanszékcsoport  |b Szeged  |c 2015 
300 |a 90-96 
490 0 |a Tovább egy zöldebb úton: A Szegedi Tudományegyetem Földrajzi és Földtani Tanszékcsoport részvétele a ZENFE programban (2013-2015) 
650 4 |a Természettudományok 
650 4 |a Föld- és kapcsolódó környezettudományok 
695 |a Erózió - szél - Magyarország, Éghajlati változás, Talajtan 
700 0 1 |a Szatmári József  |e aut 
700 0 1 |a Barta Károly  |e aut 
700 0 1 |a Bartus Máté  |e aut 
700 0 1 |a Nádasi János  |e aut 
856 4 0 |u http://acta.bibl.u-szeged.hu/64664/1/tovabb_egy_zoldebb_uton_090-096.pdf  |z Dokumentum-elérés